Statistics for All Pokémon with Levitate

Click here to take the quiz!

General Stats

  • This quiz has been taken 7 times
  • The average score is 26 of 41

Answer Stats

(Avail)abilityPokémon% Correct
Only AbilityGastly
100%
Only AbilityHaunter
100%
Only AbilityLatias
100%
Only AbilityLatios
100%
Only AbilityMega Latias
100%
Only AbilityMega Latios
100%
Only AbilityFlygon
83%
Only AbilityLunatone
83%
Only AbilityRotom
83%
Only AbilityRotom (Fan)
83%
Only AbilityRotom (Frost)
83%
Only AbilityRotom (Heat)
83%
Only AbilityRotom (Mow)
83%
Only AbilityRotom (Wash)
83%
Only AbilitySolrock
83%
Only AbilityClaydol
67%
Only AbilityVibrava
67%
Only AbilityAzelf
50%
Only AbilityBaltoy
50%
First AbilityBronzong
50%
First AbilityBronzor
50%
Only AbilityChimecho
50%
Only AbilityChingling
50%
Only AbilityCresselia
50%
Only AbilityEelektrik
50%
Only AbilityEelektross
50%
First AbilityGalarian Weezing
50%
Only AbilityGiratina (Origin Forme)
50%
First AbilityKoffing
50%
Only AbilityMesprit
50%
Only AbilityMisdreavus
50%
Only AbilityTynamo
50%
Only AbilityUnown
50%
First AbilityWeezing
50%
Only AbilityCarnivine
33%
Only AbilityCryogonal
33%
First AbilityDuskull
33%
Only AbilityHydreigon
33%
Only AbilityMismagius
33%
Only AbilityUxie
33%
Only AbilityVikavolt
33%

Score Distribution

Percentile by Number Answered

Percent of People with Each Score

Your Score History

You have not taken this quiz